Nos trilhos da Área de Projecto (Registo nº 829)

Detalhes MARC
000 -Etiqueta do registo
Cabeçalho 00649 m a2200253 i 4500
005 - Identificador da versão
Campo de controlo 20240813121816.0
010 ## - Número internacional normalizado dos livros (ISBN)
Número (ISBN) 9727830854
021 ## - Número do Depósito Legal
Código do país PT
Número 213612/04
035 ## - Other System Control Numbers
System Control Number 0000896
System Control Number 0000889
System Control Number 0000876
100 ## - Dados gerais de processamento
Dados gerais de processamento 20081013 m y0pory5003 ba
102 ## - Pais de publicação ou produção
País de publicação Portugal
101 0# - Língua de publicação
Língua do texto, banda sonora, etc. Português
215 ## - Descrição física 
Indicação específica da natureza do documento e extensão da espécie 181
200 1# - Titulo e menção de responsabilidade
Título próprio Nos trilhos da Área de Projecto
Primeira menção de responsabilidade Elvira Leite
Outras menções de responsabilidade Milice Ribeiro dos Santos
225 2# - Colecção 
Título próprio da colecção Desenvolvimento Curricular
Indicação de volume 5
205 ## - Menção da edição
Menção da edição 2ª edição
210 ## - Publicação, Distribuição, etc. 
Lugar da edição, distribuição, etc. Lisboa
Nome do editor, distribuidor, etc. Instituto de Inovação Educacional
Data da publicação, distribuição, etc. 2004
966 ## - Identificação da Biblioteca
Sigla NUMETECA
942 ## - Elementos de entrada adicionados (Koha)
Tipo de item no Koha Livro
Exemplares
Situação do levantamento Origin of item (home branch) (coded) Biblioteca de empréstimo Código de barras Cota Circulation type (not for loan) Tipo de documento Nota do exemplar Damaged status
  Biblioteca Escolar Eng. Nuno Mergulhão Biblioteca Escolar Eng. Nuno Mergulhão BENM1536 3PED   Livro Sem mensagem